[Event "U-20 Pan-American Chess Championship Absolute 2022"]
[Site "(Pereira - Risaralda) Gran Hotel. Calle 19 # 9-19"]
[Date "2022.08.24"]
[Round "3"]
[Board "9"]
[White "Fascio Outerbridge, Arno Augusto"]
[Black "Mora Munoz, Alejandro"]
[Result "0-1"]
[WhiteElo "1602"]
[BlackElo "1973"]
[PlyCount "0"]
[EventDate "2022.08.23"]
[EventRounds "9"]
[EventCountry "COL"]

1. Nf3 {[%clk 01:30:41]} {[%emt 00:00:18]} Nf6 {[%clk 01:30:52]} {[%emt
00:00:10]} 2. g3 {[%clk 01:30:50]} {[%emt 00:00:20]} g6 {[%clk 01:31:17]}
{[%emt 00:00:06]} 3. b3 {[%clk 01:30:34]} {[%emt 00:00:46]} Bg7 {[%clk
01:31:39]} {[%emt 00:00:08]} 4. Bb2 {[%clk 01:30:23]} {[%emt 00:00:41]} d6
{[%clk 01:31:59]} {[%emt 00:00:10]} 5. d4 {[%clk 01:29:34]} {[%emt 00:01:18]}
O-O {[%clk 01:31:35]} {[%emt 00:00:54]} 6. Bg2 {[%clk 01:28:23]} {[%emt
00:01:41]} Nbd7 {[%clk 01:31:29]} {[%emt 00:00:36]} 7. O-O {[%clk 01:27:42]}
{[%emt 00:01:12]} e5 {[%clk 01:27:16]} {[%emt 00:04:44]} 8. dxe5 {[%clk
01:27:31]} {[%emt 00:00:40]} Ng4 {[%clk 01:27:38]} {[%emt 00:00:08]} 9. h3
{[%clk 01:22:50]} Ngxe5 {[%clk 01:27:10]} {[%emt 00:06:08]} 10. Nxe5 {[%clk
01:21:54]} Nxe5 {[%clk 01:27:38]} {[%emt 00:01:29]} 11. Nd2 {[%clk 01:20:39]}
Nf3+ {[%clk 01:27:27]} {[%emt 00:02:24]} 12. Nxf3 {[%clk 01:20:20]} Bxb2 {[%clk
01:27:48]} {[%emt 00:01:00]} 13. Rb1 {[%clk 01:20:40]} Bg7 {[%clk 01:27:07]}
{[%emt 00:01:21]} 14. e4 {[%clk 01:16:01]} Qf6 {[%clk 01:12:07]} {[%emt
00:20:39]} 15. c4 {[%clk 01:12:14]} Be6 {[%clk 01:03:23]} {[%emt 00:13:29]} 16.
Qd3 {[%clk 01:03:50]} Rad8 {[%clk 00:58:06]} {[%emt 00:14:42]} 17. Rfd1 {[%clk
01:02:25]} Rfe8 {[%clk 00:47:25]} {[%emt 00:13:06]} 18. Nd4 {[%clk 00:59:18]}
Qxd4 {[%clk 00:46:12]} {[%emt 00:05:21]} 19. Qxd4 {[%clk 00:59:33]} Bxd4 {[%clk
00:46:39]} {[%emt 00:00:18]} 20. Rxd4 {[%clk 00:59:55]} Bd7 {[%clk 00:44:48]}
{[%emt 00:02:29]} 21. Rbd1 {[%clk 00:59:03]} b6 {[%clk 00:30:48]} {[%emt
00:15:52]} 22. b4 {[%clk 00:56:29]} Be6 {[%clk 00:29:22]} {[%emt 00:04:59]} 23.
a4 {[%clk 00:49:32]} Rb8 {[%clk 00:27:41]} {[%emt 00:09:39]} 24. Rc1 {[%clk
00:48:21]} c5 {[%clk 00:25:12]} {[%emt 00:04:39]} 25. bxc5 {[%clk 00:43:14]}
dxc5 {[%clk 00:25:12]} {[%emt 00:06:08]} 26. Rdd1 {[%clk 00:41:57]} Red8 {[%clk
00:24:24]} {[%emt 00:03:05]} 27. Bf1 {[%clk 00:41:03]} Kf8 {[%clk 00:20:36]}
{[%emt 00:05:42]} 28. f3 {[%clk 00:38:13]} Ke7 {[%clk 00:19:16]} {[%emt
00:05:10]} 29. Kf2 {[%clk 00:37:34]} Rxd1 {[%clk 00:18:27]} {[%emt 00:02:28]}
30. Rxd1 {[%clk 00:37:52]} Rd8 {[%clk 00:18:54]} {[%emt 00:00:15]} 31. Rxd8
{[%clk 00:36:58]} Kxd8 {[%clk 00:19:23]} {[%emt 00:01:25]} 32. Bd3 {[%clk
00:36:51]} Bd7 {[%clk 00:19:28]} {[%emt 00:01:03]} 33. Bc2 Bxh3 {[%clk
00:17:32]} 34. g4 {[%clk 00:37:02]} {[%emt 00:00:23]} h5 {[%clk 00:18:01]}
{[%emt 00:00:02]} 35. Bd3 {[%emt 00:00:48]} h4 {[%clk 00:14:57]} {[%emt
00:03:28]} 36. Kg1 {[%clk 00:36:36]} {[%emt 00:00:43]} Ke7 {[%clk 00:06:56]}
{[%emt 00:08:31]} 37. Kh2 {[%clk 00:36:38]} {[%emt 00:00:28]} Bxg4 {[%clk
00:07:25]} {[%emt 00:00:02]} 38. fxg4 {[%clk 00:36:50]} {[%emt 00:00:18]} Kf6
{[%clk 00:07:51]} {[%emt 00:00:04]} 39. Kg2 {[%clk 00:35:07]} {[%emt 00:02:12]}
Ke5 {[%clk 00:07:23]} {[%emt 00:00:59]} 40. Kf3 {[%emt 00:05:28]} Kd4 {[%emt
00:00:30]} 41. Be2 {[%emt 00:00:36]} g5 {[%clk 00:07:11]} {[%emt 00:00:03]} 42.
Bf1 {[%clk 00:26:40]} {[%emt 00:04:31]} a5 {[%clk 00:07:08]} {[%emt 00:00:34]}
43. Be2 {[%clk 00:26:18]} {[%emt 00:00:52]} f6 {[%clk 00:05:06]} {[%emt
00:02:33]} 44. Bf1 {[%clk 00:25:01]} {[%emt 00:01:46]} Kc3 {[%clk 00:04:58]}
{[%emt 00:00:37]} 45. e5 {[%clk 00:24:52]} {[%emt 00:00:39]} fxe5 {[%clk
00:05:28]} 46. Ke4 {[%clk 00:25:01]} {[%emt 00:00:22]} Kb4 {[%clk 00:05:56]}
{[%emt 00:00:02]} 47. Kf5 {[%clk 00:24:32]} {[%emt 00:00:58]} Kxa4 {[%clk
00:06:20]} {[%emt 00:00:06]} 48. Kxg5 {[%clk 00:24:46]} {[%emt 00:00:16]} Kb3
{[%clk 00:06:33]} {[%emt 00:00:10]} 49. Kxh4 {[%clk 00:24:48]} {[%emt
00:00:35]} a4 {[%clk 00:06:45]} {[%emt 00:00:19]} 50. Bd3 {[%clk 00:21:10]}
{[%emt 00:04:08]} Kb2 {[%clk 00:06:59]} {[%emt 00:00:16]} 51. g5 {[%clk
00:21:06]} {[%emt 00:00:33]} a3 {[%clk 00:07:26]} {[%emt 00:00:04]} 52. Bb1
{[%clk 00:20:53]} {[%emt 00:00:43]} Kxb1 {[%clk 00:07:54]} {[%emt 00:00:02]} 53.
Kh3 {[%emt 00:00:43]}   0-1

[Event "U-20 Pan-American Chess Championship Absolute 2022"]
[Site "(Pereira - Risaralda) Gran Hotel. Calle 19 # 9-19"]
[Date "2022.08.24"]
[Round "3"]
[Board "11"]
[White "Mayta Aiza, Maveric"]
[Black "Picasso Periche, Luis Willian Alberto"]
[Result "1-0"]
[WhiteElo "1962"]
[BlackElo "1226"]
[PlyCount "0"]
[EventDate "2022.08.23"]
[EventRounds "9"]
[EventCountry "COL"]

1. e4 {[%clk 01:30:57]} {[%emt 01:29:48]} d5 {[%clk 01:25:49]} {[%emt
00:05:16]} 2. exd5 {[%clk 01:31:17]} {[%emt 00:00:11]} Qxd5 {[%clk 01:26:18]}
{[%emt 00:00:01]} 3. Nc3 {[%clk 01:31:37]} {[%emt 00:00:09]} Qe5+ {[%clk
01:26:35]} {[%emt 00:00:12]} 4. Be2 {[%clk 01:31:54]} {[%emt 00:00:12]} Bg4
{[%clk 01:26:24]} {[%emt 00:00:43]} 5. d4 {[%clk 01:32:20]} {[%emt 00:00:04]}
Qe6 {[%clk 01:26:36]} {[%emt 00:00:18]} 6. Be3 {[%clk 01:32:25]} {[%emt
00:00:25]} Bxe2 {[%clk 01:26:46]} {[%emt 00:00:20]} 7. Ngxe2 {[%clk 01:32:50]}
{[%emt 00:00:05]} c6 {[%clk 01:27:04]} {[%emt 00:00:12]} 8. O-O {[%clk
01:32:41]} {[%emt 00:00:39]} Nd7 {[%clk 01:27:09]} {[%emt 00:00:26]} 9. d5
{[%clk 01:33:06]} {[%emt 00:00:04]} Qg4 {[%clk 01:25:46]} {[%emt 00:01:53]} 10.
dxc6 {[%clk 01:32:37]} {[%emt 00:00:59]} bxc6 {[%clk 01:26:11]} {[%emt
00:00:05]} 11. Nd4 {[%clk 01:33:00]} {[%emt 00:00:06]} Qxd1 {[%emt 00:00:13]}
12. Raxd1 {[%clk 01:33:19]} {[%emt 00:00:07]} c5 {[%clk 01:26:56]} {[%emt
00:00:08]} 13. Ndb5 {[%clk 01:33:44]} {[%emt 00:00:05]} O-O-O {[%clk 01:26:49]}
{[%emt 00:00:36]} 14. Nxa7+ {[%clk 01:34:04]} {[%emt 00:00:10]} Kb7 {[%clk
01:27:07]} {[%emt 00:00:12]} 15. Bxc5 {[%clk 01:34:05]} {[%emt 00:00:29]} Ngf6
{[%clk 01:27:02]} {[%emt 00:00:35]} 16. Be3 {[%clk 01:34:11]} {[%emt 00:00:23]}
e5 {[%clk 01:27:19]} {[%emt 00:00:14]} 17. Nab5 {[%clk 01:34:19]} {[%emt
00:00:22]} Kc6 {[%clk 01:26:37]} {[%emt 00:01:12]} 18. Rd2 {[%clk 01:33:53]}
{[%emt 00:00:55]} Bb4 {[%clk 01:26:36]} {[%emt 00:00:32]} 19. Rfd1 {[%clk
01:33:53]} {[%emt 00:00:28]} Rb8 {[%clk 01:26:19]} {[%emt 00:00:49]} 20. Na7+
{[%clk 01:33:57]} {[%emt 00:00:26]} Kb7 {[%clk 01:25:41]} {[%emt 00:01:07]} 21.
Rxd7+ {[%clk 01:33:43]} {[%emt 00:00:45]} Nxd7 {[%clk 01:25:37]} {[%emt
00:00:34]} 22. Rxd7+ {[%clk 01:34:08]} {[%emt 00:00:04]} Ka6 {[%clk 01:18:49]}
{[%emt 00:07:19]} 23. Nc6 {[%clk 01:33:53]} {[%emt 00:00:45]} Bxc3 {[%clk
01:18:05]} {[%emt 00:01:14]} 24. Nxb8+ {[%clk 01:34:16]} {[%emt 00:00:07]} Rxb8
{[%clk 01:18:20]} {[%emt 00:00:15]} 25. Ra7+ {[%clk 01:34:38]} {[%emt
00:00:04]} Kb5 {[%clk 01:18:46]} {[%emt 00:00:07]} 26. bxc3 {[%clk 01:35:04]}
{[%emt 00:00:04]} Kc4 {[%clk 01:18:52]} {[%emt 00:00:24]} 27. g4 {[%clk
01:35:28]} {[%emt 00:00:07]} Kxc3 {[%clk 01:16:29]} {[%emt 00:02:53]} 28. a4
{[%clk 01:35:36]} {[%emt 00:00:22]} Kxc2 {[%clk 01:16:50]} {[%emt 00:00:09]} 29.
a5 {[%clk 01:36:02]} {[%emt 00:00:04]} Kd3 {[%clk 01:17:02]} {[%emt 00:00:17]}
30. a6 {[%clk 01:36:27]} {[%emt 00:00:05]} Rb1+ {[%clk 01:17:11]} {[%emt
00:00:21]} 31. Kg2 {[%clk 01:36:51]} {[%emt 00:00:06]} Ra1 {[%clk 01:17:20]}
{[%emt 00:00:22]} 32. Rd7+ {[%clk 01:37:10]} {[%emt 00:00:11]} Ke4 {[%clk
01:17:11]} {[%emt 00:00:39]} 33. a7 {[%clk 01:37:35]} {[%emt 00:00:05]} g6
{[%clk 01:17:16]} {[%emt 00:00:25]} 34. Bd2 {[%clk 01:37:43]} {[%emt 00:00:21]}
Rg1+ {[%clk 01:13:54]} {[%emt 00:03:51]} 35. Kxg1 {[%clk 01:37:49]} {[%emt
00:00:26]}   1-0

[Event "U-20 Pan-American Chess Championship Absolute 2022"]
[Site "(Pereira - Risaralda) Gran Hotel. Calle 19 # 9-19"]
[Date "2022.08.24"]
[Round "3"]
[Board "12"]
[White "Gonzalez Mojica, Renan Arturo"]
[Black "Puerta Rendon, Jacobo"]
[Result "0-1"]
[WhiteElo "1970"]
[BlackElo "1662"]
[PlyCount "0"]
[EventDate "2022.08.23"]
[EventRounds "9"]
[EventCountry "COL"]

1. d4 {[%clk 01:16:24]} {[%emt 00:14:34]} d5 {[%clk 01:30:45]} {[%emt
00:00:16]} 2. c4 {[%clk 01:16:47]} {[%emt 00:00:07]} c6 {[%clk 01:31:03]}
{[%emt 00:00:13]} 3. Nc3 {[%clk 01:17:10]} {[%emt 00:00:06]} Nf6 {[%clk
01:31:13]} {[%emt 00:00:21]} 4. Nf3 {[%clk 01:17:30]} {[%emt 00:00:09]} e6
{[%clk 01:30:33]} {[%emt 00:01:11]} 5. e3 {[%clk 01:17:51]} {[%emt 00:00:08]}
Nbd7 {[%clk 01:30:06]} {[%emt 00:00:58]} 6. Qc2 {[%clk 01:18:11]} {[%emt
00:00:09]} Bd6 {[%clk 01:28:49]} {[%emt 00:01:47]} 7. b3 {[%clk 01:18:35]}
{[%emt 00:00:07]} b6 {[%clk 01:28:32]} {[%emt 00:00:47]} 8. Be2 {[%clk
01:18:54]} {[%emt 00:00:11]} O-O {[%clk 01:28:29]} {[%emt 00:00:32]} 9. Bb2
{[%clk 01:19:11]} {[%emt 00:00:13]} Bb7 {[%clk 01:28:09]} {[%emt 00:00:51]} 10.
O-O {[%clk 01:19:30]} {[%emt 00:00:10]} Qc7 {[%clk 01:27:37]} {[%emt 00:01:03]}
11. Rad1 {[%clk 01:19:44]} {[%emt 00:00:16]} Rfe8 {[%clk 01:25:48]} {[%emt
00:02:18]} 12. Rfe1 {[%clk 01:20:08]} {[%emt 00:00:06]} Rad8 {[%clk 01:23:35]}
{[%emt 00:02:44]} 13. Bf1 {[%clk 01:20:01]} {[%emt 00:00:37]} a6 {[%clk
01:06:42]} {[%emt 00:17:24]} 14. e4 {[%clk 01:09:51]} {[%emt 00:10:39]} dxe4
{[%clk 00:55:16]} {[%emt 00:11:56]} 15. Nxe4 {[%clk 01:10:10]} {[%emt
00:00:11]} Nxe4 {[%clk 00:48:23]} {[%emt 00:07:23]} 16. Qxe4 {[%clk 01:10:29]}
{[%emt 00:00:11]} Nf6 {[%clk 00:47:42]} {[%emt 00:01:11]} 17. Qh4 {[%clk
01:10:14]} {[%emt 00:00:44]} Be7 {[%clk 00:39:10]} {[%emt 00:09:03]} 18. Qh3
{[%clk 01:01:54]} {[%emt 00:08:49]} c5 {[%clk 00:38:15]} {[%emt 00:01:26]} 19.
dxc5 {[%clk 00:54:26]} {[%emt 00:07:58]} Qxc5 {[%clk 00:34:05]} {[%emt
00:04:39]} 20. Bd4 {[%clk 00:51:57]} {[%emt 00:02:59]} Qa5 {[%clk 00:34:14]}
{[%emt 00:00:22]} 21. Re2 {[%clk 00:34:45]} {[%emt 00:17:42]} Bc5 {[%clk
00:34:12]} {[%emt 00:00:32]} 22. Qg3 {[%clk 00:25:24]} {[%emt 00:09:51]} Bxd4
{[%clk 00:17:22]} {[%emt 00:17:19]} 23. Rxd4 {[%clk 00:25:13]} {[%emt
00:00:42]} Bxf3 {[%clk 00:17:40]} {[%emt 00:00:11]} 24. Rxd8 {[%clk 00:25:37]}
{[%emt 00:00:06]} Bxe2 {[%clk 00:18:02]} {[%emt 00:00:08]} 25. Rxe8+ {[%clk
00:26:01]} {[%emt 00:00:07]} Nxe8 {[%clk 00:18:19]} {[%emt 00:00:13]} 26. Bxe2
{[%clk 00:22:53]} {[%emt 00:03:37]} Qxa2 {[%clk 00:18:29]} {[%emt 00:00:21]} 27.
Bd1 {[%clk 00:21:52]} {[%emt 00:01:29]} Qd2 {[%clk 00:18:38]} {[%emt 00:00:22]}
28. Be2 {[%clk 00:20:31]} {[%emt 00:01:52]} Qxe2 {[%clk 00:19:00]} {[%emt
00:00:08]} 29. h4 {[%emt 00:00:06]} Qd1+ {[%clk 00:19:23]} {[%emt 00:00:04]} 30.
Kh2 {[%clk 00:21:23]} {[%emt 00:00:05]} Qd6 {[%clk 00:19:43]} {[%emt 00:00:09]}
31. f4 {[%clk 00:21:49]} {[%emt 00:00:04]} Nf6 {[%clk 00:20:05]} {[%emt
00:00:09]} 32. Qf3 {[%emt 00:00:05]} h6 {[%clk 00:20:09]} {[%emt 00:00:25]} 33.
g3 {[%clk 00:22:22]} {[%emt 00:00:23]} Qd2+ {[%clk 00:19:32]} {[%emt 00:01:06]}
34. Kh3 {[%clk 00:22:48]} {[%emt 00:00:05]} h5 {[%clk 00:19:25]} {[%emt
00:00:37]} 35. f5 {[%clk 00:21:39]} {[%emt 00:01:39]} Ng4 {[%clk 00:18:56]}
{[%emt 00:00:58]}   0-1

[Event "U-20 Pan-American Chess Championship Absolute 2022"]
[Site "(Pereira - Risaralda) Gran Hotel. Calle 19 # 9-19"]
[Date "2022.08.24"]
[Round "3"]
[Board "13"]
[White "Loaiza Cuervo, Santiago"]
[Black "Bosquez Leguisamo, Joel Alexander"]
[Result "1-0"]
[WhiteElo "2082"]
[BlackElo "1296"]
[PlyCount "0"]
[EventDate "2022.08.23"]
[EventRounds "9"]
[EventCountry "COL"]

1. e4 {[%clk 01:30:02]} {[%emt 00:00:58]} c5 {[%clk 01:27:58]} {[%emt
00:03:03]} 2. Nf3 {[%clk 01:30:24]} {[%emt 00:00:08]} Nc6 {[%clk 01:27:30]}
{[%emt 00:00:59]} 3. d4 {[%clk 01:30:45]} {[%emt 00:00:07]} cxd4 {[%clk
01:26:44]} {[%emt 00:01:17]} 4. Nxd4 {[%clk 01:31:05]} {[%emt 00:00:09]} g6
{[%clk 01:27:07]} {[%emt 00:00:08]} 5. c4 {[%clk 01:31:27]} {[%emt 00:00:07]}
Bg7 {[%clk 01:26:00]} {[%emt 00:01:37]} 6. Be3 {[%clk 01:31:48]} {[%emt
00:00:09]} d6 {[%clk 01:23:45]} {[%emt 00:02:46]} 7. Nc3 {[%clk 01:31:38]}
{[%emt 00:00:40]} Nf6 {[%clk 01:21:57]} {[%emt 00:02:18]} 8. Be2 {[%clk
01:31:10]} {[%emt 00:00:58]} O-O {[%clk 01:21:26]} {[%emt 00:01:02]} 9. O-O
{[%clk 01:30:46]} {[%emt 00:00:52]} Bd7 {[%clk 01:12:51]} {[%emt 00:09:06]} 10.
h3 {[%clk 01:30:37]} {[%emt 00:00:39]} Rc8 {[%clk 01:13:05]} {[%emt 00:00:16]}
11. Nf3 {[%clk 01:30:20]} {[%emt 00:00:46]} Na5 {[%clk 01:06:35]} {[%emt
00:07:02]} 12. b3 {[%clk 01:30:26]} {[%emt 00:00:23]} b5 {[%clk 01:06:42]}
{[%emt 00:00:23]} 13. Nxb5 {[%clk 01:29:00]} {[%emt 00:01:56]} Bxb5 {[%clk
01:07:04]} {[%emt 00:00:08]} 14. cxb5 {[%clk 01:29:26]} {[%emt 00:00:04]} Nxe4
{[%clk 01:07:06]} {[%emt 00:00:28]} 15. Rc1 {[%clk 01:29:30]} {[%emt 00:00:25]}
Rxc1 {[%clk 01:01:09]} {[%emt 00:06:28]} 16. Qxc1 {[%clk 01:29:14]} {[%emt
00:00:44]} Nc3 {[%clk 01:01:20]} {[%emt 00:00:20]} 17. Qd2 {[%clk 01:27:49]}
{[%emt 00:01:54]} Nb7 {[%clk 00:21:34]} {[%emt 00:40:19]} 18. Nd4 {[%clk
01:26:45]} {[%emt 00:01:34]} Nxe2+ {[%clk 00:13:25]} {[%emt 00:08:38]} 19. Qxe2
{[%clk 01:26:57]} {[%emt 00:00:18]} Qd7 {[%clk 00:10:17]} {[%emt 00:04:08]} 20.
Rc1 {[%clk 01:23:35]} {[%emt 00:04:21]} e5 {[%clk 00:07:01]} {[%emt 00:03:46]}
21. Nc6 {[%clk 01:23:44]} {[%emt 00:00:22]} d5 {[%clk 00:07:04]} {[%emt
00:00:28]} 22. Bxa7 {[%clk 01:23:16]} {[%emt 00:00:57]} Re8 {[%clk 00:06:18]}
{[%emt 00:01:17]} 23. a4 {[%clk 01:22:47]} {[%emt 00:00:57]} d4 {[%clk
00:05:14]} {[%emt 00:01:35]} 24. b4 {[%clk 01:18:54]} {[%emt 00:04:23]} d3
{[%clk 00:05:22]} {[%emt 00:00:22]} 25. Qd2 {[%clk 01:18:33]} {[%emt 00:00:50]}
Kh8 {[%clk 00:03:06]} {[%emt 00:02:48]} 26. a5 {[%clk 01:18:52]} {[%emt
00:00:10]} e4 {[%clk 00:02:59]} {[%emt 00:00:37]} 27. a6 {[%clk 01:18:57]}
{[%emt 00:00:25]} Nd6 {[%clk 00:03:05]} {[%emt 00:00:24]} 28. b6 {[%clk
01:18:55]} {[%emt 00:00:32]} Rc8 {[%clk 00:03:02]} {[%emt 00:00:33]} 29. Bb8
{[%clk 01:17:55]} {[%emt 00:02:00]} Rxc6 {[%clk 00:03:25]} {[%emt 00:00:37]} 30.
Rxc6 {[%clk 01:16:59]} {[%emt 00:01:27]} Qxc6 {[%clk 00:03:37]} {[%emt
00:00:18]} 31. Bxd6 {[%clk 01:16:50]} {[%emt 00:00:38]} Qxd6 {[%clk 00:03:58]}
{[%emt 00:00:10]} 32. a7 {[%clk 01:17:10]} {[%emt 00:00:08]} Qc6 {[%clk
00:03:56]} {[%emt 00:00:33]} 33. Qa2 {[%clk 01:16:53]} {[%emt 00:00:47]} Qa8
{[%clk 00:03:48]} {[%emt 00:00:38]} 34. b7 {[%clk 01:17:16]} {[%emt 00:00:07]}
Qf8 {[%emt 00:04:00]}   1-0

[Event "U-20 Pan-American Chess Championship Absolute 2022"]
[Site "(Pereira - Risaralda) Gran Hotel. Calle 19 # 9-19"]
[Date "2022.08.24"]
[Round "3"]
[Board "14"]
[White "Tobar B, Jorge Esteban"]
[Black "Vargas Viscaino, Jesus Daniel"]
[Result "1-0"]
[WhiteElo "1929"]
[BlackElo "1942"]
[PlyCount "0"]
[EventDate "2022.08.23"]
[EventRounds "9"]
[EventCountry "COL"]

1. d4 {[%clk 01:27:47]} {[%emt 00:03:12]} d5 {[%clk 01:30:53]} {[%emt
00:00:07]} 2. c4 {[%clk 01:28:07]} {[%emt 00:00:11]} e6 {[%clk 01:31:17]}
{[%emt 00:00:06]} 3. Nc3 {[%clk 01:28:14]} {[%emt 00:00:22]} c6 {[%clk
01:31:39]} {[%emt 00:00:08]} 4. e3 {[%clk 01:28:25]} {[%emt 00:00:19]} Bd6
{[%clk 01:32:01]} {[%emt 00:00:08]} 5. Nf3 {[%clk 01:28:31]} {[%emt 00:00:24]}
f5 {[%clk 01:31:50]} {[%emt 00:00:42]} 6. Bd3 {[%clk 01:26:24]} {[%emt
00:02:37]} Nf6 {[%clk 01:31:46]} {[%emt 00:00:34]} 7. O-O {[%clk 01:23:14]}
{[%emt 00:03:40]} O-O {[%clk 01:29:49]} {[%emt 00:02:27]} 8. Qe2 {[%clk
01:19:41]} {[%emt 00:04:03]} Ne4 {[%clk 01:28:23]} {[%emt 00:01:56]} 9. Ne5
{[%clk 01:15:01]} {[%emt 00:05:10]} Qf6 {[%clk 01:18:50]} {[%emt 00:10:03]} 10.
f4 {[%clk 01:14:37]} {[%emt 00:00:55]} Nd7 {[%clk 01:12:30]} {[%emt 00:06:49]}
11. Bd2 {[%clk 01:12:38]} {[%emt 00:02:28]} Qe7 {[%clk 00:58:13]} {[%emt
00:14:49]} 12. Be1 {[%clk 01:10:40]} {[%emt 00:02:26]} Ndf6 {[%clk 00:47:37]}
{[%emt 00:11:07]} 13. Bh4 {[%clk 01:09:12]} {[%emt 00:01:57]} Bd7 {[%clk
00:38:19]} {[%emt 00:09:49]} 14. g4 {[%clk 00:57:39]} {[%emt 00:12:02]} g6
{[%clk 00:28:19]} {[%emt 00:10:31]} 15. Rf3 {[%clk 00:43:20]} {[%emt 00:14:49]}
Qe8 {[%clk 00:22:52]} {[%emt 00:05:57]} 16. gxf5 {[%clk 00:34:36]} {[%emt
00:09:13]} exf5 {[%clk 00:17:13]} {[%emt 00:06:10]} 17. cxd5 {[%clk 00:29:43]}
{[%emt 00:05:22]} cxd5 {[%clk 00:16:35]} {[%emt 00:01:09]} 18. Bxf6 {[%clk
00:26:41]} {[%emt 00:03:31]} Nxf6 {[%clk 00:15:50]} {[%emt 00:01:15]} 19. Rh3
{[%clk 00:24:03]} Be6 {[%clk 00:10:52]} {[%emt 00:08:35]} 20. Kh1 {[%emt
00:09:13]} Ne4 {[%clk 00:06:37]} 21. Rg1 {[%clk 00:18:57]} {[%emt 00:01:39]}
Rf6 {[%clk 00:07:02]} {[%emt 00:00:06]} 22. Nb5 {[%clk 00:14:38]} {[%emt
00:04:50]} Bb8 {[%clk 00:07:16]} {[%emt 00:00:15]} 23. Bxe4 {[%clk 00:13:34]}
{[%emt 00:01:34]} fxe4 {[%clk 00:05:21]} {[%emt 00:02:25]} 24. Rh6 {[%clk
00:11:07]} {[%emt 00:02:56]} a6 {[%clk 00:05:35]} {[%emt 00:00:17]} 25. Qh5
{[%clk 00:08:22]} {[%emt 00:03:15]} Kf8 {[%clk 00:02:36]} {[%emt 00:03:29]} 26.
Qh4 {[%clk 00:07:27]} {[%emt 00:01:24]} Bxe5 {[%clk 00:02:34]} {[%emt
00:00:33]} 27. dxe5 {[%clk 00:06:42]} {[%emt 00:01:15]} Rf7 {[%clk 00:02:10]}
{[%emt 00:00:54]} 28. Nd6 {[%clk 00:06:09]} {[%emt 00:00:55]} Qe7 {[%clk
00:02:16]} {[%emt 00:00:31]} 29. Nxf7 {[%clk 00:05:56]} {[%emt 00:00:43]} Qxh4
{[%clk 00:01:27]} {[%emt 00:01:19]} 30. Rxh4 {[%clk 00:06:23]} {[%emt
00:00:04]} Bxf7 {[%clk 00:01:46]} {[%emt 00:00:10]} 31. Rxh7 {[%clk 00:06:29]}
{[%emt 00:00:25]} Kg8 {[%clk 00:02:16]} 32. Rh4 {[%clk 00:05:47]} {[%emt
00:01:12]} d4 {[%clk 00:01:56]} {[%emt 00:00:50]} 33. f5 {[%clk 00:04:46]}
{[%emt 00:01:31]} dxe3 {[%clk 00:02:24]} {[%emt 00:00:01]} 34. e6 {[%clk
00:04:25]} {[%emt 00:00:52]} Be8 {[%clk 00:02:43]} {[%emt 00:00:11]} 35. f6
{[%clk 00:04:39]} {[%emt 00:00:16]}   1-0